LEADER 01494nam a2200289 i 4500 001 000000150195 003 CaOOAMICUS 005 20060510000000.0 008 060510s2005 it u000 u ita u 013 $a127533 040 $aSeMil$bita 100 1 $aBattaglia, Antonio.$0(OLS)http://semarc/name/43788 245 12$aL'Oratorio di San Martino :$bconoscenza e recupero dell'antica chiesa di Masciago /$cTesti di Antonio Battaglia, Roberto Spreafico, Ildefonso Valota ; Contributi di Gian Calloni, Ipertec s.r.l., Luzzana Restauri s.r.l. 260 $aBovisio Masciago :$bParrocchia di San Martino,$c(Stampa 2005) 300 $a110 p. :$bill. ;$c28 cm. 500 $aContiene : Bibliografia. 650 4$aBovisio Masciago - Chiese - San Martino.$0(OLS)http://semarc/subject/29383 700 1 $aSpreafico, Roberto.$0(OLS)http://semarc/name/35483 700 1 $aLuzzana Restauri s.r.l.$0(OLS)http://semarc/name/59282 700 1 $aCalloni, Gian.$0(OLS)http://semarc/name/59280 700 1 $aIpertec s.r.l.$0(OLS)http://semarc/name/59281 700 1 $aValota, Ildefonso.$0(OLS)http://semarc/name/59279 850 $aSeMil 852 $aSeMil$W1$xVenegono$y1$m3P V 323$j102357$B102357$CSeMilBibl$Z2$F112298 $81 961 $aOmaggio: Scanziani don Francesco 996 $6245$aL'Oratorio di San Martino :$bconoscenza e recupero dell'antica chiesa di Masciago$9(OLS)http://semarc/title/219624 996 $6260$aBovisio Masciago :$bParrocchia di San Martino$9(OLS)http://semarc/publisher/47926 LEADER 01383nam a2200289 i 4500 001 000000177017 003 CaOOAMICUS 005 20090205000000.0 008 090205s1973 it u000 u ita u 013 $a154519 040 $aSeMil$bita 100 1 $aSalin, Edgard.$0(OLS)http://semarc/name/65877 240 10$aPolitische Oekonomie. Geschichte der wirtschaftspolitichen : Ideen von Platon bis zur Gegenwart.$0(OLS)http://semarc/title/254200 245 12$aL'economia politica :$bstoria delle idee da Platone ai giorni nostri /$cEdgard Salin ; a cura di Francesca Duchini. 260 $aMilano :$bVita e Pensiero,$ccopyr. 1973. 300 $aXII, 276 p. ;$c21 cm. 490 0 $aCultura e storia ;$v10 500 $aContiene : Bibliografia. - Fondo card. Giovanni Colombo. 650 4$aEconomia politica - Pensiero - Storia.$0(OLS)http://semarc/subject/33766 700 1 $aDuchini, Francesca <1919-2010>.$0(OLS)http://semarc/name/22830 830 0$aCultura e storia ;$v10.$0(OLS)http://semarc/title/6933 850 $aSeMil 852 $aSeMil$W1$xVenegono$y1$m3M I 199$j127831$B127831$CSeMilBibl$Z2$F141085 $81 941 1 $a3 961 $aLascito: Colombo Card. Giovanni 996 $6245$aL'economia politica :$bstoria delle idee da Platone ai giorni nostri$9(OLS)http://semarc/title/254199 996 $6260$aMilano :$bVita e Pensiero$9(OLS)http://semarc/publisher/29642